<?xml version="1.0" encoding="UTF-8"?>
<collection xmlns="http://www.loc.gov/MARC21/slim">
 <record>
  <leader>00628nam a22001455a 4500</leader>
  <controlfield tag="001">EEA.libagro001963</controlfield>
  <controlfield tag="008">130809s1972####ag#a##########000#0#spa#d</controlfield>
  <controlfield tag="005">20191115114111.0</controlfield>
  <datafield tag="245" ind1="1" ind2="0">
   <subfield code="a">Operación de riego :</subfield>
   <subfield code="b">programación y diagramación, operación y manejo de áreas, cálculo de láminas e intevalos, computación de riego, curvas de demanda, métodos de riego /</subfield>
   <subfield code="c">Jorge Alfredo Luque, Juan Darío Paoloni.</subfield>
  </datafield>
  <datafield tag="260" ind1=" " ind2=" ">
   <subfield code="a">Punta Alta :</subfield>
   <subfield code="b">Riagro,</subfield>
   <subfield code="c">1972.</subfield>
  </datafield>
  <datafield tag="300" ind1=" " ind2=" ">
   <subfield code="a">238 p. :</subfield>
   <subfield code="b">il. ;</subfield>
   <subfield code="c">25 cm.</subfield>
  </datafield>
  <datafield tag="100" ind1="1" ind2=" ">
   <subfield code="a">Luque, Jorge Alfredo.</subfield>
  </datafield>
  <datafield tag="700" ind1="1" ind2=" ">
   <subfield code="a">Paoloni, Juan Darío.</subfield>
  </datafield>
  <datafield tag="082" ind1="0" ind2="4">
   <subfield code="a">631.7</subfield>
  </datafield>
  <datafield tag="859" ind1=" " ind2=" ">
   <subfield code="a">AR-BbBCA</subfield>
   <subfield code="b">BIB. AGRONOMIA</subfield>
   <subfield code="h">631.7</subfield>
   <subfield code="i">L966-6</subfield>
   <subfield code="p">1972/0008</subfield>
  </datafield>
 </record>
</collection>
